African Animals - Sudden Death - Statistics

General Stats
  • This quiz has been taken 68,564 times
    65,900 since last reset
  • The average score is 9 of 20
Answers on the Grid
Answers color-coded by a green-red scale on the quiz's grid according to % correct below.
Aardvark
Anaconda
Baboon
Caiman
Cape buffalo
Cheetah
Chimpanzee
Coyote
Elephant
Emperor penguin
Emu
Giraffe
Hippopotamus
Jaguar
Koala
Komodo dragon
Kudu
Leopard
Mandrill
Mongoose
Okapi
Orangutan
Ostrich
Piranha
Polar bear
Red panda
Rhinoceros
Ring-tailed lemur
Serval
Spotted hyena
Sun bear
Tapir
Toucan
Wallaby
Warthog
Wildebeest
 
Answer Stats
Answer % Correct
Elephant
74%
Cheetah
67%
Hippopotamus
63%
Giraffe
62%
Baboon
53%
Cape buffalo
53%
Chimpanzee
49%
Rhinoceros
46%
Spotted hyena
44%
Aardvark
42%
Leopard
42%
Wildebeest
38%
Warthog
36%
Okapi
34%
Ostrich
34%
Ring-tailed lemur
32%
Kudu
25%
Mandrill
22%
Mongoose
21%
Serval
21%
No matching quizzes found
Score Distribution
Percent of People with Each Score
Percentile by Number Answered
Your Score History
You have not taken this quiz since the last reset